| 000 | 00784nam a22002177a 4500 | ||
|---|---|---|---|
| 005 | 20251128151833.0 | ||
| 010 | _aB-762755-766 ENG-147162 BACEN25 | ||
| 020 |
_a9788196738679 _c695.00 |
||
| 035 | _aB-762755-766 | ||
| 035 | _aEN-130694 | ||
| 037 | _bLotus Roli | ||
| 037 |
_bDBAD _aDPL |
||
| 082 | _a309.5461 | ||
| 100 |
_aPurandere,Nandini _985794 |
||
| 245 |
_aThe sherpa trail / _cby Nandini Purandere |
||
| 260 |
_aNew delhi _bLotus collection _c2023 |
||
| 270 |
_aM-75,GK. _bNew delhi _e1100048 |
||
| 300 |
_a324p. _c23cm(Bbk) |
||
| 942 |
_2ddc _cEN _h309.5461 _mPUR |
||
| 999 |
_c209393 _d209393 |
||